000 00734cam a2200229 a 4500
001 12246527
005 20180130033249.0
008 001201s2000 mnu 001 0 eng
010 _a 00712060
020 _a0314246398 (alk. paper)
040 _aDLC
_cDLC
_dDLC
041 _aeng
043 _an-us---
080 _a344.73041 FUR
082 0 0 _a344.73041 FUR
_221
100 _a14
101 _aJUR
245 0 0 _aHealth law /
_cby Barry R. Furrow ... [et al.].
906 _a7
_bcbc
_corigcop
_d2
_encip
_f20
_gy-gencatlg
942 _2ddc
_cBK
999 _c41214
_d41214